| 000 | 01494nas a2200277 a 4500 | ||
|---|---|---|---|
| 003 | DO-SdBNP | ||
| 005 | 20250512113336.0 | ||
| 007 | ta | ||
| 008 | 250512e2023 dr |n|p|r||||||0| | spa d | ||
| 022 | _a2960-7779 | ||
| 040 |
_aDO-SdBNP _bspa _cBNPHU _erda |
||
| 041 | _hspa | ||
| 245 |
_aRevista de divulgación científica en astronomía y educación : _bobservatorio astronómico "Hoya de Enriquillo" : memoria. |
||
| 264 |
_aMella, provincia Independencia, República Dominicana : _b[editor no identificado], _c2023. |
||
| 300 |
_avolumen : _bilustraciones, fotografías, tablas ; _c28 cm. |
||
| 336 |
_atexto _btxt _2rdacontent |
||
| 337 |
_asin mediación _bn _2rdamedia |
||
| 338 |
_avolumen _bnc _2rdacarrier |
||
| 362 | _aAño 1. No. 1, 2023. | ||
| 500 | _aRevista gratuita, Mella, provincia Independencia, República Dominicana. | ||
| 520 | _aLa visión de la concepción del complejo Científico-Educativo-Turístico (C.C.E.T), nace de la necesidad de avanzar en calidad científica astronómica, ya que pudimos percibir en los antecedentes sobre el desarrollo de los estudios sobre el desarrollo de los estudios de astronomía al paso del tiempo en República Dominicana. | ||
| 650 | 0 |
_aDivulgación científica _926049 _vPublicaciones periódicas _zRepública Dominicana |
|
| 650 | 0 |
_aEducación _xEnseñanza _vPublicaciones periódicas _963912 _zRepública Dominicana |
|
| 650 | 0 |
_aAstronomía _vPublicaciones periódicas _925809 _zRepública Dominicana |
|
| 942 |
_2ddc _cISSUE |
||
| 999 |
_c59004 _d59004 |
||